000 00686nam a2200241Ia 4500
003 OSt
005 20220924122506.0
006 a|||||r|||| 00| 0
007 ta
008 220923b |||||||| |||| 00| 0 per d
024 _a44552
037 _cTextual
040 _aARTS
_cARTS
_bper
041 _2per
_aper
082 _aO164,1G07,MA:g, 111M5
100 _aJalaluddin Rumi
245 0 _aTeaching of Rumi
_b Masnavi tr and abridged by E H Whinfield
260 _aLondon
_bOctagon Press
_c1985
300 _a330p.
_ccm.
650 _aENGLISH LITERATURE
942 _hO164,1G07,MA:g, 111M5
_cTEXL
_2CC
999 _c411840
_d411840